| 000 | 00591nam a22002057a 4500 | ||
|---|---|---|---|
| 005 | 20250124155524.0 | ||
| 010 | _aENG-143547 | ||
| 020 |
_a9788186268858 _c699.00 |
||
| 035 | _aEN-127079 | ||
| 037 | _bDBAD | ||
| 082 | _aN | ||
| 100 |
_aMandal, Partho _977007 |
||
| 245 |
_aSan Vicente Cricket Club/ _cby Partho Mandal |
||
| 250 | _a1 | ||
| 260 |
_aNew Delhi _bAcademic Aspirations _c2019 |
||
| 270 |
_a4740/23, Ansari Road , Daryaganj _bNew Delhi _e110002 _macademicaspiration@gmail.com |
||
| 300 |
_a606p. _c21cm(pb) |
||
| 500 | _aBibliography and Index | ||
| 942 |
_2ddc _cEN _mMAN _hN |
||
| 999 |
_c208758 _d208758 |
||